Normal view
MARC view
- Nanoscience and Engineering.
Entry Topical Term
001 - CONTROL NUMBER
- control field: 28310
003 - CONTROL NUMBER IDENTIFIER
- control field: NUST
005 - DATE AND TIME OF LATEST TRANSACTION
- control field: 20200205172735.0
008 - FIXED-LENGTH DATA ELEMENTS
- fixed length control field: 200205|| aca||aabn | a|a d
040 ## - CATALOGING SOURCE
- Original cataloging agency: NUST
- Transcribing agency: NUST
150 ## - HEADING--TOPICAL TERM
- Topical term or geographic name entry element: Nanoscience and Engineering.
670 ## - SOURCE DATA FOUND
- Source citation: Work cat.: (NUST): Arif, Asim 28309, Physiochemical Studies of Metal Doped ZnO Nanostructures and their Antibacterial Activity Investigations /, 2016.
